Designs For A Lifetime (Record no. 12929)

MARC details
000 -LEADER
fixed length control field 00394nam a22001697a 4500
003 - CONTROL NUMBER IDENTIFIER
control field OSt
008 - FIXED-LENGTH DATA ELEMENTS--GENERAL INFORMATION
fixed length control field 241022b |||||||| |||| 00| 0 eng d
020 ## - INTERNATIONAL STANDARD BOOK NUMBER
International Standard Book Number 9788190216807
082 ## - DEWEY DECIMAL CLASSIFICATION NUMBER
Classification number 740 SHD,
100 ## - MAIN ENTRY--PERSONAL NAME
Personal name SHRIKANT, Usha
245 ## - TITLE STATEMENT
Title Designs For A Lifetime
250 ## - EDITION STATEMENT
Edition statement Reprint
260 ## - PUBLICATION, DISTRIBUTION, ETC. (IMPRINT)
Place of publication, distribution, etc Mumbai,
Name of publisher, distributor, etc Priyavrat Goenka,
Date of publication, distribution, etc 2010,
300 ## - PHYSICAL DESCRIPTION
Extent 207 p.
650 ## - SUBJECT ADDED ENTRY--TOPICAL TERM
Topical term or geographic name as entry element B.FAD.
942 ## - ADDED ENTRY ELEMENTS (KOHA)
Source of classification or shelving scheme Dewey Decimal Classification
Koha item type Reference Books
Holdings
Withdrawn status Lost status Source of classification or shelving scheme Damaged status Not for loan Collection code Home library Current library Date acquired Source of acquisition Currency Cost, normal purchase price Bill Number Total Checkouts Full call number Acc. no. / Barcode Date last seen Actual Cost, discounted price Bill Date Koha item type
    Dewey Decimal Classification     Bachelor of Fashion and Apparel Design PIET NCR College Library PIET NCR College Library 01/10/2024 Pankaj Publication International In Rupees 2500.00 PPI-15   740 SHD, N3762 22/10/2024 1825.00 01/10/2024 Reference Books

Design & Developed by: PIET Central Library
R70 Miles Stone Pattikalyana Samalkha Panipat 132102
mail ID :- [email protected], Phone No:- 0180-2569700 Ex.216